000 00600cam a22002052a 4500
001 006520
003 AR-FADEU
008 311216n1984####xxu####################dd
020 _a950-25-0067-9
092 _a305.55
_bC972c
100 _aCúneo, Dardo
245 _aComportamiento y crisis de la clase empresaria
260 _aBuenos Aires
260 _bCentro Editor de América Latina
260 _c1984
300 _a2 v
440 _aBiblioteca política argentina
_n68-69
650 _aCLASES SOCIALES; CLASE MEDIA; CLASE EMPRESARIA; EMPRESARIO; INDUSTRIAL; HACENDADO
942 _cBDGR
999 _c12340
_d12340